Směry vývoje expertních systémů a jejich použití v technické diagnostice

Bibliographic Details
Main Author: Janoušek, Ivo, 1938- (Author)
Format: Article
Language:Czech
PhysicalDescription:Lit. 8 zázn. v češ., angl.
Subjects:

MARC

LEADER 00000nab a2200000 a 4500
001 vtls000378143
003 SK-MaSNL
005 20260303234307.0
008 160204c1989 xo 0 cze
015 |a SNBRA19rr/mm-uuuuu 
035 |a CL0378265 
040 |a SNKBUCL  |b slo  |c SNKBUCL  |e AACR2 
041 0 |a cze 
044 |a xo  |c SK 
080 |a 62.004.6:002.6:007  |2 1981 
080 |a 002.6  |2 1981 
080 |a 007  |2 1981 
100 1 |a Janoušek, Ivo,  |d 1938-  |4 aut  |9 98828 
245 1 0 |a Směry vývoje expertních systémů a jejich použití v technické diagnostice  |c Ivo Janoušek 
300 |b Lit. 8 zázn. v češ., angl. 
650 0 7 |a technická diagnostika  |2 snkbucl  |9 3986 
650 0 7 |a expertné systémy  |2 snkbucl  |9 1831 
655 7 |a články zo zborníkov  |2 snkbucl  |9 166140 
773 0 |t Technická diagnostika číslicovo riadených obrábacích strojov  |d Žilina : Dom techniky ČSVTS, 1989 
850 |a Slovenská národná knižnica v Martine  |a MTA001 
852 |a SNK  |b KIS3GCP 
958 |a NB 
958 |a RK 
958 |a CZ 
992 |a RZB 
999 |c 2520205  |d 2522135